000 01039cam a22001934a 4500
005 20250605164211.0
008 250528s ||||||||||||||||||||||||d
035 _a20285
020 _a214200043
040 _aGR-AtMCL
_bgre
_dGR-AtMCL
_eAACR2
245 1 _aRunning Your Own Hotel
260 _bBarrie & Jenkins,
_c1974
300 _a178
520 _aA most excellent general handbook with a wealth of facts, so that anyone who reads it will find something new and useful to him. Foreword, Why Run an Hotel?, Acquiring the Premises, The Public Rooms, Residential Accommodation, The Kitchen, Stores and Serves, Planning Costing and Control of Bedroom Sales, Planning Costing and Control of Food Sales, Planning Costing and Control of Drink Sales, Control of Overhead Expenditure, Other Sales, Marketing and Advertising, Management and Staffing, Regulations Relating to Hotel Staff, Trade Associations and Journals and Further Reading, Index.
700 1 _aNeil Arthur
_96295
942 _cBK
999 _c5409
_d5409